Regulation of Genome Editing in Plants (Record no. 757473)

MARC details
000 -LEADER
fixed length control field 00275 a2200109 4500
005 - DATE AND TIME OF LATEST TRANSACTION
control field 20260311123153.0
020 ## - INTERNATIONAL STANDARD BOOK NUMBER
International Standard Book Number 9781639878970
100 ## - MAIN ENTRY--PERSONAL NAME
Personal name Benjamin Cook, Ed.
9 (RLIN) 11614
245 ## - TITLE STATEMENT
Title Regulation of Genome Editing in Plants
260 ## - PUBLICATION, DISTRIBUTION, ETC.
Name of publisher, distributor, etc. Murphy & Moore, USA
Date of publication, distribution, etc. 2025
942 ## - ADDED ENTRY ELEMENTS (KOHA)
Koha item type Book
Holdings
Withdrawn status Lost status Damaged status Not for loan Home library Current library Date acquired Source of acquisition Cost, normal purchase price Total Checkouts Barcode Date last seen Cost, replacement price Price effective from Koha item type
      Ordered Kerala University Library Kerala University Library 13/03/2026 27 11451.77   326921 13/03/2026 14314.71 13/03/2026 Book